000
00219 a2200097 4500
001
24099
100
_a
Batchelor, G.K
245
_a
Introduction to fluid dynamics
260
_a
_b
Cambridge
_c
1967
090
_c
16298
_d
16298
942
_a
NUST-CAE
_c
M
_c
7000
999
_c
259172
_d
259172